000 00539nam a2200169Ia 4500
008 090711s9999 xx 000 0 und d
082 _b48477
100 _aखाडीलकर उषा
245 _aफुलोरा भावफुलांSाा
260 _c1982
300 _a127
600 _aखाडीलकर उषा
630 _aफुलोरा भावफुलांSाा
700 _aखाडीलकर उषा
730 _aफुलोरा भावफुलांSाा
942 _cBOOK
999 _c309464
_d309464